Výzkum života a potřeb starých občanů. Díl 1, Městské obyvatelstvo /

Hlavní autor: Kaufman, Bohdan
Další autoři: Schimmerlingová, Věra
Jazyk: Čeština
Vydáno: Praha : Výzkumný ústav sociálního zabezpečení, 1971
Edice: Sborník výzkumných a studijních prací ; č. 43
Fyzický popis: 150 s. ; 8°
Language note: Anglické, německé a ruské resumé
Knihy
Uloženo v:
LEADER 01272nam a22003132a 4500
001 000237707
003 CZ BrMZK
005 20130320111523.0
007 ta
008 950101s1971 xr f cze d
015 |a cnb000434517 
035 |a (OCoLC)42171905 
040 |a ABA001  |b cze  |c PNA001  |d ABA001  |d BOA001 
080 9 |a 301.001:339.4-053.9(437-21)(082) 
100 1 |a Kaufman, Bohdan  |7 jk01053249  |4 aut 
245 1 0 |a Výzkum života a potřeb starých občanů.  |n Díl 1,  |p Městské obyvatelstvo /  |c Bohdan Kaufman, Věra Schimmerlingová 
246 3 0 |a Městské obyvatelstvo 
260 |a Praha :  |b Výzkumný ústav sociálního zabezpečení,  |c 1971 
300 |a 150 s. ;  |c 8° 
490 1 |a Sborník výzkumných a studijních prací ;  |v č. 43 
500 |a Dodatek k 1. a 2. dílu naps. Helena Zemanová 
504 |a Obsahuje bibliografii a bibliografické odkazy 
546 |a Anglické, německé a ruské resumé 
700 1 |a Schimmerlingová, Věra  |7 jk01110944  |4 aut 
810 2 |a Výzkumný ústav sociálního zabezpečení.  |t Sborník výzkumných a studijních prací 
910 |a BOA001  |b 2-0697.490,1 
990 |a BK 
991 |b 201303 
996 7 |b 2619901105  |c 2-0697.490,1  |l Sklad H1  |r Sklad / do 24 hodin  |n 4  |h HS212  |w 000237707  |u 000010  |a 1  |e BOA001  |j MZK50  |s A